000 00560nam a2200193Ia 4500
003 GCL
008 140319s9999 xx 000 0 ara d
040 _aGCL /
_cGCL
082 0 4 _a792.9
_bا ق
100 1 _aاحمد عثمان
245 1 0 _aقناع البريختى فى الشيوعية دراسة فى المسرح الملحمى . /
_cاحمد عثمان
260 _a[S.N] :
_bايجيبتوس ،
_c1992
300 _a222 ص
490 _a
650 0 4 _aالمسرح
650 0 4 _aبريخت
650 0 4 _aتاريخ ونقد
942 _2ddc
_cBK
999 _c35660
_d35660